Normal view
MARC view
- LAMINATED MATERIALS, COMPOSITE MATERIALS, STRUCTURAL OPTIMIZATIONS
Entry Topical Term
001 - CONTROL NUMBER
- control field: 62712
003 - CONTROL NUMBER IDENTIFIER
- control field: NUST
005 - DATE AND TIME OF LATEST TRANSACTION
- control field: 20210628203001.0
008 - FIXED-LENGTH DATA ELEMENTS
- fixed length control field: 210628|| aca||aabn | a|a d
040 ## - CATALOGING SOURCE
- Original cataloging agency: NUST
- Transcribing agency: NUST
150 ## - HEADING--TOPICAL TERM
- Topical term or geographic name entry element: LAMINATED MATERIALS, COMPOSITE MATERIALS, STRUCTURAL OPTIMIZATIONS
670 ## - SOURCE DATA FOUND
- Source citation: Work cat.: (NUST): Gurdal , Zafer Haftka, Raphael .T Hajela, Prabhat 62711, Design and optimization of laminated composite materials, 1999
